| 000 | 01345cab a22002175a 4500 | ||
|---|---|---|---|
| 001 | L140962 | ||
| 008 | 071023e20071020xxk f 000 0 eng d | ||
| 035 | _a(Sirsi) u140962 | ||
| 041 | 0 | _aeng | |
| 100 | 1 | _aHumphreys, Emma | |
| 245 | 0 | 0 | _aThere is light at the end of the tunnel |
| 260 | _c2007 | ||
| 490 | 0 |
_aEstates Gazette _v(0742) 20 October 2007, 287(1) |
|
| 520 | _aIn the situation of redeveloping a property, explains how to handle deeds with rights to light. Suggests seeking legal advice on the terms of the deed, explains how prescriptive rights to light are acquired, and considers provisions similar to those in "RHJ Ltd v FT Patten (Holdings) Ltd" ([2007] EWHC 1655 (Ch), L139811). Also advises that investigations concerning the property and relevant neighbourhood buildings are carried out to identify any other rights to light issues. In addition, a rights to light surveyor may be needed to identify any buildings that are in the process of acquiring prescriptive rights under the Prescription Act 1832. Concludes by briefly looking at development restrictions. | ||
| 590 | _aKA | ||
| 650 | 2 | 4 | _aRHJ LTD V FT PATTEN (HOLDINGS) LTD AND ANOTHER |
| 650 | 2 | 4 | _aPRESCRIPTION ACT 1832 S3 |
| 651 | 4 |
_aEngland and Wales _y1543- |
|
| 690 | _aPROPERTY-PROPERTY MANAGEMENT-EASEMENTS-RIGHTS TO LIGHT DETERMINATION | ||
| 942 | _n0 | ||
| 999 |
_c79395 _d79395 |
||